| 000 | 00343pam a2200145 a 4500 | ||
|---|---|---|---|
| 020 | _c | ||
| 041 | _h | ||
| 100 |
_aDR S. SURESH BABU _eAuthor |
||
| 245 |
_aMANAGEMENT CONCEPTS _cDR S. SURESH BABU _hTextual Documents |
||
| 260 |
_anew delhi _bAvinash Paper |
||
| 300 | _a232 | ||
| 653 | _amanagement | ||
| 700 | _eCo-Author | ||
| 930 | _a2974 | ||
| 999 |
_c230373 _d230373 |
||